| 000 | 00439nam a2200157Ia 4500 | ||
|---|---|---|---|
| 008 | 220216s9999 xx 000 0 und d | ||
| 100 | _aThomas K.K. | ||
| 245 | 0 | _aHundred years of Indian rubber plantation industry. 4. Extention to non-traditional areas | |
| 260 |
_bRubber _c2002 |
||
| 300 | _a30-32 | ||
| 650 | _aHistory | ||
| 650 | _aIndia | ||
| 650 | _aNon traditional areas | ||
| 650 | _aRubber plantation industry | ||
| 942 | _cML | ||
| 999 |
_c72740 _d72740 |
||